[Event "PRAGUE OPEN 2020 - A - IM open"]
[Site "?"]
[Date "2020.01.14"]
[Round "6"]
[White "Cernousek, Lukas"]
[Black "Liu, Zhaoqi"]
[Result "0-1"]
[BlackElo "2328"]
[WhiteElo "2447"]
[LiveChessVersion "1.4.8"]

1. Nf3 {[%clk 1:30:57]} Nf6 {[%clk 1:23:21]} 2. c4 {[%clk 1:31:22]} c5
{[%clk 1:23:46]} 3. Nc3 {[%clk 1:31:47]} g6 {[%clk 1:24:08]} 4. e4
{[%clk 1:32:04]} Bg7 {[%clk 1:24:23]} 5. d4 {[%clk 1:32:28]} cxd4
{[%clk 1:24:51]} 6. Nxd4 {[%clk 1:32:52]} O-O {[%clk 1:24:59]} 7. Be3
{[%clk 1:32:02]} Nc6 {[%clk 1:25:23]} 8. Be2 {[%clk 1:32:12]} d6 {[%clk 1:25:43]}
9. O-O {[%clk 1:31:56]} Nxd4 {[%clk 1:26:10]} 10. Bxd4 {[%clk 1:32:12]} Bd7
{[%clk 1:26:38]} 11. Qd3 {[%clk 1:28:31]} a5 {[%clk 1:26:28]} 12. b3
{[%clk 1:28:56]} Bc6 {[%clk 1:26:52]} 13. a3 {[%clk 1:29:19]} Nd7
{[%clk 1:26:26]} 14. Bxg7 {[%clk 1:29:42]} Kxg7 {[%clk 1:26:54]} 15. b4
{[%clk 1:30:03]} axb4 {[%clk 1:21:30]} 16. axb4 {[%clk 1:30:31]} b6
{[%clk 1:09:43]} 17. Qd4+ {[%clk 1:30:46]} Kg8 {[%clk 1:10:05]} 18. f4
{[%clk 1:30:55]} Qc7 {[%clk 1:09:00]} 19. Rad1 {[%clk 1:29:22]} Rad8
{[%clk 0:57:14]} 20. Nd5 {[%clk 0:54:27]} Bxd5 {[%clk 0:57:36]} 21. cxd5
{[%clk 0:54:51]} Rc8 {[%clk 0:47:57]} 22. Ba6 {[%clk 0:53:19]} Ra8
{[%clk 0:48:03]} 23. Rc1 {[%clk 0:47:15]} Qa7 {[%clk 0:47:35]} 24. Bb5
{[%clk 0:28:18]} Rfc8 {[%clk 0:47:55]} 25. Bc6 {[%clk 0:26:10]} b5
{[%clk 0:47:34]} 26. Qxa7 {[%clk 0:21:51]} Rxa7 {[%clk 0:47:10]} 27. Ra1
{[%clk 0:19:56]} Rcc7 {[%clk 0:44:48]} 28. Ra5 {[%clk 0:14:32]} Rxa5
{[%clk 0:34:32]} 29. bxa5 {[%clk 0:15:00]} Nc5 {[%clk 0:34:17]} 30. Rb1
{[%clk 0:10:11]} Ra7 {[%clk 0:20:34]} 31. Rxb5 {[%clk 0:10:22]} Kg7
{[%clk 0:20:57]} 32. e5 {[%clk 0:09:25]} Nd3 {[%clk 0:21:26]} 33. exd6
{[%clk 0:06:15]} exd6 {[%clk 0:21:55]} 34. g3 {[%clk 0:04:17]} Nc5
{[%clk 0:22:24]} 35. Kf2 {[%clk 0:04:00]} Kf6 {[%clk 0:22:43]} 36. Ke3
{[%clk 0:01:30]} Re7+ {[%clk 0:21:16]} 37. Kd2 {[%clk 0:01:24]} Ra7
{[%clk 0:21:40]} 38. Kc3 {[%clk 0:01:32]} h5 {[%clk 0:21:36]} 39. Kb4
{[%clk 0:01:16]} Na6+ {[%clk 0:20:20]} 40. Kc4 {[%clk 0:00:45]} Nc5
{[%clk 0:20:40]} 41. h4 {[%clk 0:02:09]} Ke7 {[%clk 0:50:41]} 42. Rxc5
{[%clk 0:01:14]} dxc5 {[%clk 0:51:10]} 43. Kb5 {[%clk 0:01:38]} c4
{[%clk 0:51:38]} 44. Kb6 {[%clk 0:01:53]} c3 {[%clk 0:51:59]} 45. Ba4
{[%clk 0:02:08]} Rd7 {[%clk 0:52:20]} 46. a6 {[%clk 0:02:05]} Rxd5
{[%clk 0:48:59]} 47. a7 {[%clk 0:02:34]} Rd8 {[%clk 0:49:17]} 48. Kc7
{[%clk 0:02:04]} Rh8 {[%clk 0:49:36]} 49. Bc2 {[%clk 0:01:37]} Ke6
{[%clk 0:49:47]} 50. Kb7 {[%clk 0:00:54]} Kd5 {[%clk 0:50:10]} 51. f5
{[%clk 0:00:53]} gxf5 {[%clk 0:49:02]} 52. Bxf5 {[%clk 0:01:14]} Ke5
{[%clk 0:49:09]} 53. Bc8 {[%clk 0:00:52]} c2 {[%clk 0:38:29]} 54. a8=Q
{[%clk 0:01:20]} c1=Q {[%clk 0:38:54]} 55. Qb8+ {[%clk 0:01:45]} Kf6
{[%clk 0:35:13]} 56. Qd6+ {[%clk 0:02:00]} Kg7 {[%clk 0:35:40]} 57. Qd4+
{[%clk 0:00:34]} f6 {[%clk 0:35:44]} 58. Be6 {[%clk 0:00:34]} Qb1+
{[%clk 0:34:53]} 59. Kc6 {[%clk 0:00:58]} Qc2+ {[%clk 0:34:29]} 60. Kd6
{[%clk 0:00:38]} Rd8+ {[%clk 0:30:51]} 61. Bd7 {[%clk 0:01:06]} Qe2
{[%clk 0:31:00]} 62. Kc7 {[%clk 0:00:37]} Rf8 {[%clk 0:31:05]} 63. Kd6
{[%clk 0:00:34]} Rd8 {[%clk 0:30:57]} 64. Kc7 {[%clk 0:01:00]} Qe7
{[%clk 0:30:53]} 65. Qd5 {[%clk 0:00:52]} Rh8 {[%clk 0:30:27]} 66. Kc6
{[%clk 0:00:44]} Qe5 {[%clk 0:30:39]} 67. Qe6 {[%clk 0:00:38]} Qxe6+
{[%clk 0:30:22]} 68. Bxe6 {[%clk 0:00:59]} Ra8 {[%clk 0:30:18]} 69. Kd5
{[%clk 0:00:33]} Ra3 {[%clk 0:30:37]} 70. g4 {[%clk 0:00:58]} hxg4
{[%clk 0:31:00]} 71. Bxg4 {[%clk 0:01:24]} Ra4 {[%clk 0:31:27]} 72. Bf5
{[%clk 0:01:18]} Rxh4 {[%clk 0:31:51]} 73. Ke6 {[%clk 0:01:44]} Rf4
{[%clk 0:32:17]} 0-1

[Event "PRAGUE OPEN 2020 - A - IM open"]
[Site "?"]
[Date "2020.01.14"]
[Round "6"]
[White "Budnikov, Oleg"]
[Black "Vokac, Marek"]
[Result "1/2-1/2"]
[BlackElo "2334"]
[WhiteElo "2432"]
[LiveChessVersion "1.4.8"]

1. d4 {[%clk 1:22:50]} Nf6 {[%clk 1:30:30]} 2. c4 {[%clk 1:23:08]} g6
{[%clk 1:30:47]} 3. Nc3 {[%clk 1:23:29]} Bg7 {[%clk 1:31:15]} 4. e4
{[%clk 1:23:47]} d6 {[%clk 1:31:43]} 5. f3 {[%clk 1:24:08]} O-O {[%clk 1:32:01]}
6. Be3 {[%clk 1:23:59]} a6 {[%clk 1:30:59]} 7. Qd2 {[%clk 1:23:25]} Nbd7
{[%clk 1:28:50]} 8. Nh3 {[%clk 1:23:20]} c6 {[%clk 1:25:07]} 9. c5
{[%clk 1:14:10]} dxc5 {[%clk 1:17:33]} 10. dxc5 {[%clk 1:13:37]} Ne5
{[%clk 1:17:57]} 11. Nf2 {[%clk 1:11:55]} Be6 {[%clk 1:16:39]} 12. Qxd8
{[%clk 0:59:48]} Raxd8 {[%clk 1:16:25]} 13. Rc1 {[%clk 0:58:50]} Nh5
{[%clk 1:04:22]} 14. b3 {[%clk 0:54:43]} f5 {[%clk 1:04:09]} 15. f4
{[%clk 0:51:59]} Bh6 {[%clk 1:02:34]} 16. exf5 {[%clk 0:49:48]} gxf5
{[%clk 1:01:14]} 17. g3 {[%clk 0:49:23]} Nf3+ {[%clk 0:59:48]} 18. Ke2
{[%clk 0:49:48]} Nd4+ {[%clk 1:00:10]} 19. Bxd4 {[%clk 0:49:02]} Rxd4
{[%clk 1:00:38]} 20. Bh3 {[%clk 0:46:31]} Rfd8 {[%clk 0:36:09]} 21. Rcd1
{[%clk 0:44:48]} Bg7 {[%clk 0:33:11]} 22. Rxd4 {[%clk 0:41:48]} Bxd4
{[%clk 0:33:16]} 23. Rd1 {[%clk 0:41:55]} Kf7 {[%clk 0:31:25]} 24. Na4
{[%clk 0:36:13]} Ke8 {[%clk 0:31:25]} 25. Nd3 {[%clk 0:27:45]} Nf6
{[%clk 0:30:30]} 26. Ne1 {[%clk 0:27:44]} Ne4 {[%clk 0:24:39]} 27. Nf3
{[%clk 0:27:51]} Bf6 {[%clk 0:25:06]} 28. Rxd8+ {[%clk 0:27:51]} Kxd8
{[%clk 0:25:35]} 29. Ke3 {[%clk 0:27:49]} Bd7 {[%clk 0:24:14]} 30. Nd4
{[%clk 0:26:03]} Nf2 {[%clk 0:19:42]} 31. Kxf2 {[%clk 0:21:02]} Bxd4+
{[%clk 0:20:09]} 32. Ke2 {[%clk 0:20:42]} Be6 {[%clk 0:19:40]} 33. Bg2
{[%clk 0:20:32]} Bf7 {[%clk 0:18:56]} 34. Bf3 {[%clk 0:19:02]} Kc7
{[%clk 0:16:16]} 35. Kf1 {[%clk 0:19:15]} e5 {[%clk 0:16:09]} 36. fxe5
{[%clk 0:19:35]} Bxe5 {[%clk 0:16:36]} 37. Kg2 {[%clk 0:19:50]} h6
{[%clk 0:15:05]} 38. Kf2 {[%clk 0:16:57]} Bd4+ {[%clk 0:15:06]} 1/2-1/2

[Event "PRAGUE OPEN 2020 - A - IM open"]
[Site "?"]
[Date "2020.01.14"]
[Round "6"]
[White "Wang, Yukun"]
[Black "Low, Zhen Yu Cyrus"]
[Result "1/2-1/2"]
[BlackElo "2415"]
[WhiteElo "1990"]
[LiveChessVersion "1.4.8"]

1. e4 {[%clk 1:26:09]} c5 {[%clk 1:30:51]} 2. Nf3 {[%clk 1:26:36]} Nc6
{[%clk 1:31:14]} 3. d4 {[%clk 1:26:13]} cxd4 {[%clk 1:31:35]} 4. Nxd4
{[%clk 1:26:39]} Nf6 {[%clk 1:31:53]} 5. Nc3 {[%clk 1:27:05]} d6 {[%clk 1:32:17]}
6. Bg5 {[%clk 1:26:32]} e6 {[%clk 1:32:37]} 7. Be2 {[%clk 1:26:55]} Be7
{[%clk 1:29:09]} 8. O-O {[%clk 1:26:00]} O-O {[%clk 1:29:13]} 9. a4
{[%clk 1:24:01]} h6 {[%clk 1:23:36]} 10. Be3 {[%clk 1:23:13]} e5 {[%clk 1:16:53]}
11. Nb3 {[%clk 1:23:15]} Nb4 {[%clk 1:14:42]} 12. f4 {[%clk 1:17:42]} exf4
{[%clk 1:08:05]} 13. Bxf4 {[%clk 1:15:26]} d5 {[%clk 1:07:28]} 14. e5
{[%clk 1:14:09]} Ne4 {[%clk 1:07:16]} 15. Nxe4 {[%clk 1:14:24]} dxe4
{[%clk 1:07:39]} 16. c3 {[%clk 1:14:43]} Nd5 {[%clk 1:00:24]} 17. Qd4
{[%clk 1:11:49]} Be6 {[%clk 0:56:34]} 18. Bd2 {[%clk 0:57:43]} Nb6
{[%clk 0:48:48]} 19. Qxd8 {[%clk 0:36:47]} Rfxd8 {[%clk 0:48:49]} 20. Nd4
{[%clk 0:37:16]} Bc5 {[%clk 0:41:00]} 21. a5 {[%clk 0:32:42]} Nc4
{[%clk 0:40:13]} 22. Bxc4 {[%clk 0:30:27]} Bxc4 {[%clk 0:40:38]} 23. Rfe1
{[%clk 0:20:12]} Bd3 {[%clk 0:39:12]} 24. Be3 {[%clk 0:20:21]} Rd5
{[%clk 0:35:38]} 25. b4 {[%clk 0:20:38]} Bf8 {[%clk 0:34:32]} 26. e6
{[%clk 0:20:48]} f5 {[%clk 0:33:39]} 27. Rac1 {[%clk 0:21:16]} Bc4
{[%clk 0:30:23]} 28. g4 {[%clk 0:21:22]} fxg4 {[%clk 0:27:29]} 29. Bf2
{[%clk 0:21:14]} Bd3 {[%clk 0:25:49]} 30. c4 {[%clk 0:21:25]} Rxd4
{[%clk 0:25:12]} 31. Bxd4 {[%clk 0:20:54]} Bxb4 {[%clk 0:25:35]} 32. Rb1
{[%clk 0:19:37]} Bxe1 {[%clk 0:00:31]} 33. Rxb7 {[%clk 0:20:06]} e3
{[%clk 0:00:37]} 34. Rxg7+ Kf8 35. Rf7+ {[%clk 0:19:17]} Kg8 {[%clk 0:01:35]} 36.
Rg7+ {[%clk 0:19:42]} Kf8 {[%clk 0:02:03]} 37. Rf7+ {[%clk 0:20:09]} Ke8
{[%clk 0:02:27]} 38. Bc5 {[%clk 0:18:34]} Bf2+ {[%clk 0:02:37]} 39. Kg2
{[%clk 0:19:02]} Be4+ {[%clk 0:03:00]} 40. Kf1 {[%clk 0:19:31]} Bd3+
{[%clk 0:03:24]} 41. Kg2 {[%clk 0:20:01]} Be4+ {[%clk 0:03:14]} 42. Kf1
{[%clk 0:20:25]} Kd8 {[%clk 0:03:18]} 43. Bd6 {[%clk 0:16:21]} Bc6
{[%clk 0:01:32]} 44. Bc7+ {[%clk 0:16:39]} Kc8 {[%clk 0:01:20]} 45. Bd6
{[%clk 0:17:04]} Ba4 {[%clk 0:23:43]} 46. a6 {[%clk 0:47:06]} Kd8
{[%clk 0:23:40]} 47. Bc7+ {[%clk 0:47:31]} Ke8 {[%clk 0:23:19]} 48. Bd6
{[%clk 0:47:51]} Kd8 {[%clk 0:23:45]} 49. Bc7+ {[%clk 0:48:18]} 1/2-1/2

[Event "PRAGUE OPEN 2020 - A - IM open"]
[Site "?"]
[Date "2020.01.14"]
[Round "6"]
[White "Lalic, Bogdan"]
[Black "Sharma, Isha"]
[Result "1/2-1/2"]
[BlackElo "2169"]
[WhiteElo "2402"]
[LiveChessVersion "1.4.8"]

1. d4 {[%clk 1:25:18]} Nf6 {[%clk 1:30:29]} 2. c4 {[%clk 1:25:38]} d6
{[%clk 1:30:47]} 3. Nc3 {[%clk 1:25:56]} e5 {[%clk 1:31:10]} 4. Nf3
{[%clk 1:26:18]} Nbd7 {[%clk 1:31:32]} 5. e4 {[%clk 1:26:34]} g6 {[%clk 1:31:30]}
6. Be2 {[%clk 1:26:55]} Bg7 {[%clk 1:31:55]} 7. O-O {[%clk 1:27:16]} O-O
{[%clk 1:32:17]} 8. Be3 {[%clk 1:27:17]} Qe7 {[%clk 1:30:21]} 9. Qc2
{[%clk 1:25:26]} c6 {[%clk 1:28:37]} 10. Rfe1 {[%clk 1:20:21]} Ng4
{[%clk 1:21:24]} 11. Bg5 {[%clk 1:20:40]} f6 {[%clk 1:21:42]} 12. Bh4
{[%clk 1:15:53]} h5 {[%clk 1:21:17]} 13. h3 {[%clk 1:16:04]} 1/2-1/2

[Event "PRAGUE OPEN 2020 - A - IM open"]
[Site "?"]
[Date "2020.01.14"]
[Round "6"]
[White "Peng, Hongchi"]
[Black "Vignesh, B"]
[Result "1/2-1/2"]
[BlackElo "2250"]
[WhiteElo "2362"]
[LiveChessVersion "1.4.8"]

1. d4 {[%clk 1:30:52]} Nf6 {[%clk 1:30:53]} 2. c4 {[%clk 1:31:18]} e6
{[%clk 1:31:16]} 3. Nc3 {[%clk 1:31:44]} Bb4 {[%clk 1:31:39]} 4. f3
{[%clk 1:32:10]} c5 {[%clk 1:31:18]} 5. d5 {[%clk 1:32:35]} b5 {[%clk 1:31:19]}
6. e4 {[%clk 1:33:00]} bxc4 {[%clk 1:31:35]} 7. Bxc4 {[%clk 1:33:24]} Nxd5
{[%clk 1:31:51]} 8. Bxd5 {[%clk 1:33:50]} exd5 {[%clk 1:32:15]} 9. Qxd5
{[%clk 1:34:11]} Nc6 {[%clk 1:32:39]} 10. Be3 {[%clk 1:32:40]} Qa5
{[%clk 1:28:23]} 11. Nge2 {[%clk 1:31:27]} Ba6 {[%clk 1:27:27]} 12. Kf2
{[%clk 1:18:44]} Rb8 {[%clk 1:21:43]} 13. Rab1 {[%clk 1:16:55]} O-O
{[%clk 1:13:39]} 14. a3 {[%clk 1:14:22]} Bxc3 {[%clk 1:14:01]} 15. Nxc3
{[%clk 1:14:46]} Rfe8 {[%clk 1:14:03]} 16. Rhd1 {[%clk 1:06:17]} Ne5
{[%clk 1:14:18]} 17. b4 {[%clk 1:05:06]} Qc7 {[%clk 1:01:47]} 18. Bxc5
{[%clk 1:03:35]} Nc4 {[%clk 1:01:37]} 19. b5 {[%clk 0:55:36]} Nxa3
{[%clk 0:51:31]} 20. bxa6 {[%clk 0:41:13]} Nxb1 {[%clk 0:51:50]} 21. Rxb1
{[%clk 0:41:27]} Rxb1 {[%clk 0:51:26]} 22. Nxb1 {[%clk 0:41:05]} Rc8
{[%clk 0:39:36]} 23. Be3 {[%clk 0:40:50]} Qxh2 {[%clk 0:39:56]} 24. Qxd7
{[%clk 0:37:38]} Qc7 {[%clk 0:39:03]} 25. Qxc7 {[%clk 0:31:17]} Rxc7
{[%clk 0:39:15]} 26. Nd2 {[%clk 0:31:47]} Rc2 {[%clk 0:39:06]} 27. Ke2
{[%clk 0:32:10]} Ra2 {[%clk 0:39:29]} 28. Bxa7 {[%clk 0:32:25]} Rxa6
{[%clk 0:39:56]} 29. Be3 {[%clk 0:32:31]} f6 {[%clk 0:39:35]} 30. f4
{[%clk 0:31:37]} Kf7 {[%clk 0:38:33]} 31. Nb3 {[%clk 0:31:30]} Ra3
{[%clk 0:34:03]} 32. Nc5 {[%clk 0:31:46]} g5 {[%clk 0:25:25]} 33. fxg5
{[%clk 0:29:23]} fxg5 {[%clk 0:25:53]} 34. g4 {[%clk 0:29:06]} Kg6
{[%clk 0:25:42]} 35. Ne6 {[%clk 0:22:50]} h6 {[%clk 0:25:29]} 36. Nf8+
{[%clk 0:21:47]} Kf7 {[%clk 0:22:43]} 37. Nd7 {[%clk 0:22:09]} Ke6
{[%clk 0:20:14]} 38. Nb6 {[%clk 0:20:54]} Ra2+ {[%clk 0:19:53]} 39. Kf3
{[%clk 0:20:36]} Rh2 {[%clk 0:19:07]} 40. Nc4 {[%clk 0:16:59]} Rh3+
{[%clk 0:19:19]} 41. Kg2 {[%clk 0:15:22]} Rh4 {[%clk 0:19:39]} 42. Kf3
{[%clk 0:15:44]} Rh3+ {[%clk 0:20:03]} 1/2-1/2

[Event "PRAGUE OPEN 2020 - A - IM open"]
[Site "?"]
[Date "2020.01.14"]
[Round "6"]
[White "Svanda, Ondrej"]
[Black "Laxman, R.R."]
[Result "1/2-1/2"]
[BlackElo "2441"]
[WhiteElo "2257"]
[LiveChessVersion "1.4.8"]

1. e4 {[%clk 1:30:57]} e5 {[%clk 1:30:53]} 2. Nf3 {[%clk 1:31:22]} Nc6
{[%clk 1:31:19]} 3. Bb5 {[%clk 1:31:47]} a6 {[%clk 1:31:40]} 4. Ba4
{[%clk 1:32:12]} Nf6 {[%clk 1:32:04]} 5. O-O {[%clk 1:32:34]} Be7
{[%clk 1:32:29]} 6. d3 {[%clk 1:32:59]} d6 {[%clk 1:32:42]} 7. c3
{[%clk 1:33:15]} O-O {[%clk 1:33:00]} 8. Re1 {[%clk 1:33:38]} b5 {[%clk 1:30:30]}
9. Bc2 {[%clk 1:33:49]} d5 {[%clk 1:28:05]} 10. Nbd2 {[%clk 1:33:10]} Bg4
{[%clk 1:26:17]} 11. h3 {[%clk 1:31:36]} Bh5 {[%clk 1:25:22]} 12. a4
{[%clk 1:31:06]} b4 {[%clk 1:24:46]} 13. Bb3 {[%clk 1:13:59]} dxe4
{[%clk 1:07:38]} 14. dxe4 {[%clk 1:12:48]} Rb8 {[%clk 1:07:38]} 15. Bc4
{[%clk 1:07:45]} Nd7 {[%clk 1:05:11]} 16. Bxa6 {[%clk 1:00:56]} bxc3
{[%clk 1:05:17]} 17. bxc3 {[%clk 1:01:19]} Na5 {[%clk 1:04:35]} 18. Qe2
{[%clk 0:52:08]} Nc5 {[%clk 1:00:19]} 19. Ba3 {[%clk 0:39:44]} Ne6
{[%clk 0:59:01]} 20. Bxe7 {[%clk 0:37:23]} Qxe7 {[%clk 0:59:29]} 21. Qe3
{[%clk 0:37:37]} Nc5 {[%clk 0:59:15]} 22. Bf1 {[%clk 0:35:44]} Bxf3
{[%clk 0:58:41]} 1/2-1/2

[Event "PRAGUE OPEN 2020 - A - IM open"]
[Site "?"]
[Date "2020.01.14"]
[Round "6"]
[White "Pushkov, Nikolai"]
[Black "Quesada Vera, Liordis"]
[Result "1/2-1/2"]
[BlackElo "2386"]
[WhiteElo "2239"]
[LiveChessVersion "1.4.8"]

1. d4 {[%clk 1:30:56]} Nf6 {[%clk 1:22:37]} 2. Nf3 {[%clk 1:31:14]} a6
{[%clk 1:22:37]} 3. g3 {[%clk 1:31:05]} c5 {[%clk 1:21:25]} 4. c3
{[%clk 1:31:22]} b6 {[%clk 1:20:36]} 5. Bg2 {[%clk 1:31:43]} Bb7 {[%clk 1:21:00]}
6. O-O {[%clk 1:32:04]} d6 {[%clk 1:10:06]} 7. Bg5 {[%clk 1:28:45]} Nbd7
{[%clk 1:10:27]} 8. Nbd2 {[%clk 1:28:23]} Qc7 {[%clk 0:49:45]} 9. Re1
{[%clk 1:27:14]} h6 {[%clk 0:50:06]} 10. Bxf6 {[%clk 1:26:43]} Nxf6
{[%clk 0:36:50]} 11. e4 e6 12. d5 {[%clk 1:23:48]} e5 {[%clk 0:35:19]} 13. Nh4
{[%clk 1:18:50]} g6 {[%clk 0:34:35]} 14. f4 {[%clk 1:17:27]} Nd7 {[%clk 0:28:30]}
15. Bh3 {[%clk 1:08:01]} b5 {[%clk 0:18:17]} 16. a4 {[%clk 1:04:16]} c4
{[%clk 0:15:00]} 17. axb5 {[%clk 1:02:23]} axb5 {[%clk 0:15:27]} 18. Rxa8+
{[%clk 1:02:04]} Bxa8 {[%clk 0:15:55]} 19. b3 {[%clk 0:58:37]} Bg7
{[%clk 0:11:54]} 20. Bxd7+ {[%clk 0:54:04]} Qxd7 {[%clk 0:12:22]} 21. f5
{[%clk 0:54:16]} g5 {[%clk 0:06:21]} 22. Ng2 {[%clk 0:54:07]} cxb3
{[%clk 0:06:12]} 23. Qxb3 {[%clk 0:54:00]} O-O {[%clk 0:06:35]} 24. Ne3
{[%clk 0:52:19]} Rc8 {[%clk 0:06:39]} 25. Rb1 {[%clk 0:51:15]} Qa7
{[%clk 0:06:47]} 26. Kf2 {[%clk 0:51:27]} Kh7 {[%clk 0:01:08]} 27. Qxb5
{[%clk 0:46:10]} Rxc3 {[%clk 0:01:35]} 28. Qb6 {[%clk 0:46:29]} Qa3
{[%clk 0:02:00]} 29. Rb3 {[%clk 0:37:01]} Qa2 {[%clk 0:01:39]} 30. Rb2
{[%clk 0:37:24]} Qa1 {[%clk 0:00:58]} 31. Qb4 {[%clk 0:30:30]} Rc8
{[%clk 0:00:54]} 32. Rb1 {[%clk 0:26:58]} Qa7 {[%clk 0:00:52]} 33. Qb6
{[%clk 0:26:49]} Qa3 {[%clk 0:01:08]} 34. Qb2 {[%clk 0:26:21]} Qd3
{[%clk 0:01:18]} 35. Rc1 {[%clk 0:24:46]} Rb8 {[%clk 0:01:18]} 36. Qc2
{[%clk 0:25:07]} Qd4 {[%clk 0:01:41]} 37. Nf3 {[%clk 0:23:00]} Qa7
{[%clk 0:02:03]} 38. Rb1 {[%clk 0:21:56]} Bb7 {[%clk 0:01:44]} 39. Qb2
{[%clk 0:21:50]} g4 {[%clk 0:02:02]} 40. Nd2 {[%clk 0:21:42]} h5 {[%clk 0:02:28]}
41. Qb6 {[%clk 0:21:36]} Qa2 {[%clk 0:01:41]} 42. Rb2 {[%clk 0:22:01]} Qa1
{[%clk 0:01:32]} 43. Rb1 {[%clk 0:15:31]} Qa2 {[%clk 0:27:55]} 44. Rb2
{[%clk 0:42:49]} Qa1 {[%clk 0:27:47]} 45. Rb1 {[%clk 0:43:08]} Qa2
{[%clk 0:26:21]} 1/2-1/2

[Event "PRAGUE OPEN 2020 - A - IM open"]
[Site "?"]
[Date "2020.01.14"]
[Round "6"]
[White "Kozak, Antoni"]
[Black "Foo, William J"]
[Result "0-1"]
[BlackElo "2186"]
[WhiteElo "2380"]
[LiveChessVersion "1.4.8"]

1. d4 {[%clk 1:30:57]} d5 {[%clk 1:30:19]} 2. c4 {[%clk 1:31:13]} c6
{[%clk 1:30:45]} 3. Nf3 {[%clk 1:31:39]} Nf6 {[%clk 1:30:58]} 4. e3
{[%clk 1:32:00]} Bf5 {[%clk 1:31:06]} 5. Nc3 {[%clk 1:32:09]} e6 {[%clk 1:31:19]}
6. Nh4 {[%clk 1:30:26]} Bg6 {[%clk 1:31:40]} 7. Nxg6 {[%clk 1:20:40]} hxg6
{[%clk 1:32:03]} 8. Bd3 {[%clk 1:21:06]} Nbd7 {[%clk 1:29:02]} 9. b3
{[%clk 1:18:41]} Bb4 {[%clk 1:25:55]} 10. Bb2 {[%clk 1:17:20]} Qa5
{[%clk 1:15:37]} 11. Qc2 {[%clk 1:15:36]} Ne4 {[%clk 1:08:35]} 12. Bxe4
{[%clk 1:12:37]} dxe4 {[%clk 1:08:59]} 13. O-O-O {[%clk 0:59:06]} Bxc3
{[%clk 1:05:09]} 14. Bxc3 {[%clk 0:56:58]} Qf5 {[%clk 1:05:05]} 15. Bb4
{[%clk 0:56:55]} Nf6 {[%clk 1:03:30]} 16. Bd6 {[%clk 0:56:44]} Rd8
{[%clk 0:56:21]} 17. Be5 {[%clk 0:54:09]} Ng4 {[%clk 0:42:00]} 18. Bg3
{[%clk 0:45:23]} Nf6 {[%clk 0:32:07]} 19. Kb1 {[%clk 0:43:16]} O-O
{[%clk 0:32:00]} 20. h3 {[%clk 0:43:26]} b5 {[%clk 0:32:12]} 21. Be5
{[%clk 0:42:18]} bxc4 {[%clk 0:30:56]} 22. bxc4 {[%clk 0:42:45]} Nd7
{[%clk 0:27:01]} 23. g4 {[%clk 0:29:48]} Qf3 {[%clk 0:27:26]} 24. Bc7
{[%clk 0:30:12]} Rc8 {[%clk 0:27:36]} 25. Bf4 {[%clk 0:30:38]} c5
{[%clk 0:17:03]} 26. Rhg1 {[%clk 0:13:51]} cxd4 27. Rd2 {[%clk 0:14:20]} d3
{[%clk 0:14:49]} 28. Qc1 Qxh3 {[%clk 0:15:07]} 29. f3 {[%clk 0:14:48]} e5
{[%clk 0:09:48]} 30. Rh2 {[%clk 0:14:32]} Qxf3 {[%clk 0:10:12]} 31. Rg3
{[%clk 0:15:00]} Rxc4 {[%clk 0:09:47]} 32. Qxc4 {[%clk 0:15:28]} Qd1+
{[%clk 0:09:42]} 33. Kb2 {[%clk 0:15:26]} d2 {[%clk 0:07:20]} 34. Rgh3
{[%clk 0:12:27]} Rb8+ {[%clk 0:07:25]} 35. Kc3 {[%clk 0:12:52]} Qc1#
{[%clk 0:07:45]} 0-1

[Event "PRAGUE OPEN 2020 - A - IM open"]
[Site "?"]
[Date "2020.01.14"]
[Round "6"]
[White "Wiley, Tom E"]
[Black "Neuman, Petr"]
[Result "1/2-1/2"]
[BlackElo "2371"]
[WhiteElo "2170"]
[LiveChessVersion "1.4.8"]

1. d4 {[%clk 1:30:59]} g6 {[%clk 1:30:55]} 2. c4 {[%clk 1:31:25]} Bg7
{[%clk 1:31:21]} 3. e4 {[%clk 1:31:51]} d6 {[%clk 1:31:46]} 4. Nc3
{[%clk 1:32:15]} e5 {[%clk 1:32:02]} 5. Be3 {[%clk 1:30:29]} Nc6 {[%clk 1:31:58]}
6. d5 {[%clk 1:30:47]} Nce7 {[%clk 1:32:14]} 7. g4 {[%clk 1:30:38]} f5
{[%clk 1:31:07]} 8. gxf5 {[%clk 1:31:01]} gxf5 {[%clk 1:31:31]} 9. Qh5+
{[%clk 1:31:17]} Kf8 {[%clk 1:31:11]} 10. Bh3 {[%clk 1:31:17]} Nf6
{[%clk 1:30:58]} 11. Qf3 {[%clk 1:31:27]} f4 {[%clk 1:28:33]} 12. Bd2
{[%clk 1:31:31]} Ng6 {[%clk 1:25:13]} 13. Bxc8 {[%clk 1:29:43]} Qxc8
{[%clk 1:24:11]} 14. Qh3 {[%clk 1:24:26]} Qxh3 {[%clk 1:22:33]} 15. Nxh3
{[%clk 1:24:42]} h6 {[%clk 1:22:50]} 16. f3 {[%clk 1:23:14]} Kf7 {[%clk 1:23:02]}
17. Ke2 {[%clk 1:21:40]} a6 {[%clk 1:23:17]} 18. Nf2 {[%clk 1:21:48]} Bf8
{[%clk 1:23:38]} 19. Nd3 {[%clk 1:21:16]} Be7 {[%clk 1:23:43]} 20. Be1
{[%clk 1:03:50]} Nd7 {[%clk 1:20:35]} 1/2-1/2